Machri aj bez Schwarzeneggera

Rakúsko má niekoľko dekát jednu z najnižších mier nezamestnanosti v Európe. Kto dáva Rakúšanom prácu, kde pracujú. Chvála rôznorodosti.

Uložené v:
Podrobná bibliografia
Hlavný autor: Sibyla, Pavel
Médium: Kapitola
Jazyk:Slovak
Predmet:
Tagy: Pridať tag
Žiadne tagy, Buďte prvý, kto otaguje tento záznam!

MARC

LEADER 00000naa a2200000 4500
001 0161362
005 20231113080555.5
041 0 |a slo 
044 |a SK 
245 1 0 |a Machri aj bez Schwarzeneggera  |c Pavel Sibyla 
520 |a Rakúsko má niekoľko dekát jednu z najnižších mier nezamestnanosti v Európe. Kto dáva Rakúšanom prácu, kde pracujú. Chvála rôznorodosti. 
610 2 0 |a hospodárstvo národné 
610 2 0 |a diverzifikácia 
610 2 0 |a súťaž hospodárska 
610 2 0 |a Rakúsko 
610 2 0 |a nezamestnanosť 
610 2 0 |a miera nezamestnanosti 
100 1 |a Sibyla, Pavel